Southville International School and Colleges
Your cart is empty.
  • Cart
  • Lists
    Public lists Eva Luna New books Lux_list list_1
    Your lists Log in to create your own lists
  • Log in to your account
  • Your cookies
  • Search history
Southville International School and Colleges
  • Advanced search
  • Recent comments
  • Most popular
  • Libraries

Log in to your account

Log in with GOOGLE


If you do not have an external account, but do have a local account, you can still log in:

  1. Home
  2. MARC view: The illustrated atlas of the human body /
Normal view MARC view ISBD view

The illustrated atlas of the human body / (Record no. 305972)

[ view plain ]
MARC details
000 -LEADER
fixed length control field 00734nam a2200289Ia 4500
008 - FIXED-LENGTH DATA ELEMENTS--GENERAL INFORMATION
fixed length control field 170203s9999 xx 000 0 und d
020 ## - INTERNATIONAL STANDARD BOOK NUMBER
International Standard Book Number 9781742523279
050 ## - LIBRARY OF CONGRESS CALL NUMBER
Classification number 611
050 ## - LIBRARY OF CONGRESS CALL NUMBER
Item number M478i 2013
100 ## - MAIN ENTRY--PERSONAL NAME
Personal name McMillan, Beverly.
245 #4 - TITLE STATEMENT
Title The illustrated atlas of the human body /
245 ## - TITLE STATEMENT
Statement of responsibility, etc Beverly McMillan.
260 ## - PUBLICATION, DISTRIBUTION, ETC. (IMPRINT)
Place of publication, distribution, etc Weldon Owen:
260 ## - PUBLICATION, DISTRIBUTION, ETC. (IMPRINT)
Name of publisher, distributor, etc Australia,
260 ## - PUBLICATION, DISTRIBUTION, ETC. (IMPRINT)
Date of publication, distribution, etc 2013
300 ## - PHYSICAL DESCRIPTION
Extent 288 pages :
300 ## - PHYSICAL DESCRIPTION
Other physical details color illustrations :
300 ## - PHYSICAL DESCRIPTION
Dimensions 35 cm.
650 ## - SUBJECT ADDED ENTRY--TOPICAL TERM
Topical term or geographic name as entry element Anatomy -- 
650 ## - SUBJECT ADDED ENTRY--TOPICAL TERM
Topical term or geographic name as entry element Human anatomy -- 
650 ## - SUBJECT ADDED ENTRY--TOPICAL TERM
Topical term or geographic name as entry element Human physiology -- 
650 ## - SUBJECT ADDED ENTRY--TOPICAL TERM
Topical term or geographic name as entry element Physiological Phenomena --
650 ## - SUBJECT ADDED ENTRY--TOPICAL TERM
General subdivision  atlases.
650 ## - SUBJECT ADDED ENTRY--TOPICAL TERM
General subdivision atlases.
650 ## - SUBJECT ADDED ENTRY--TOPICAL TERM
General subdivision Atlases.
650 ## - SUBJECT ADDED ENTRY--TOPICAL TERM
General subdivision Atlases.
Holdings
Withdrawn status Lost status Damaged status Home library Current library Shelving location Date acquired Total Checkouts Full call number Barcode Date last seen Price effective from Koha item type
      Stonyhurst Southville International School (Batangas) Stonyhurst Southville International School (Batangas)   02/03/2017   Ref. 611 .M478i 2013 US- 1909 02/03/2017 02/03/2017 Books

The illustrated atlas of the human body /

APA

McMillan B., .The illustrated atlas of the human body. Weldon Owen: .

Chicago

McMillan Beverly, .The illustrated atlas of the human body. Weldon Owen: .

Harvard

McMillan B., .The illustrated atlas of the human body. Weldon Owen: .

MLA

McMillan Beverly, .Weldon Owen: . .

  • Place hold
  • Print
  • Cite
  • Add to your cart (remove)
  • Save record
    BIBTEX Dublin Core MARCXML MARC (non-Unicode/MARC-8) MARC (Unicode/UTF-8) MARC (Unicode/UTF-8, Standard) MODS (XML) RIS
  • More searches
    Search for this title in:
    Other Libraries (WorldCat) Other Databases (Google Scholar) Online Stores (Bookfinder.com) Open Library (openlibrary.org)

Exporting to Dublin Core...

SOUTHVILLE LIBRARY

Southville International School and Colleges Library

1281 Tropical Ave. Cor. Luxembourg St., BF Homes International, Las Pinas City

Tel. No. 8256374 / 252358 Loc. 117/146

Powered by Koha